[Event "10. Forchheimer Sparkassen Open"]
[Site "Forchheim"]
[Date "2011.10.08"]
[Round "2.26"]
[White "Myagkov, Kirill"]
[Black "Van Ginkel, Pieter"]
[Result "1-0"]
[WhiteElo "1748"]
[BlackElo "2170"]
[PlyCount "65"]
[EventDate "2011.??.??"]
[WhiteTeam "SC Noris-Tarrasch Nürnberg 1873"]
[BlackTeam "SW Nürnberg Süd e.V."]

1. e4 {[%emt 0:00:00]} d6 2. d4 Nf6 3. Bd3 e5 4. c3 Be7 5. Nf3 Nbd7 6. Bg5 O-O
7. Nbd2 Re8 8. O-O c6 9. Qc2 Qc7 10. dxe5 dxe5 11. Bc4 Nf8 12. Rad1 Nh5 13. Be3
Ng6 14. Ng5 Bxg5 15. Bxg5 Nhf4 16. Nf3 Bg4 17. Be2 Nxe2+ 18. Qxe2 h6 19. Bc1
Nh4 20. Qe3 Bxf3 21. gxf3 Re6 22. Kh1 Rf6 23. Rg1 Rd8 24. Rdf1 Rxf3 25. Rxg7+
Kxg7 26. Qxh6+ Kg8 27. Qxh4 Rdd3 28. Rg1+ Kf8 29. Bh6+ Ke8 30. Rg8+ Kd7 31.
Qg4+ Ke7 32. Bf8+ Kf6 33. Rh8 1-0

[Event "10. Forchheimer Sparkassen Open"]
[Site "Forchheim"]
[Date "2011.10.08"]
[Round "2.27"]
[White "Hilverda, Alexander"]
[Black "Siegl, Melina"]
[Result "1-0"]
[WhiteElo "2150"]
[BlackElo "1735"]
[PlyCount "69"]
[EventDate "2011.??.??"]

1. d4 {[%emt 0:00:00]} f5 2. c4 g6 3. Nf3 Bg7 4. Nc3 d6 5. g3 Nf6 6. Bg2 O-O 7.
O-O c6 8. Rb1 Qc7 9. b4 e5 10. b5 e4 11. Ne1 Rd8 12. bxc6 Qxc6 13. Qb3 Kh8 14.
f3 Nbd7 15. fxe4 Nxe4 16. Nxe4 fxe4 17. Nc2 Nb6 18. Bg5 Re8 19. Nb4 Qc7 20. e3
Bf5 21. Bf4 Qe7 22. h3 Rac8 23. Rbc1 Bd7 24. g4 Ba4 25. Qa3 Qd7 26. c5 dxc5 27.
dxc5 Na8 28. Nd5 Bb5 29. Rfd1 Bd3 30. Nb4 Qb5 31. Nxd3 exd3 32. Rb1 Qxc5 33.
Qxc5 Rxc5 34. Rxb7 Rc3 35. Rd7 1-0

[Event "10. Forchheimer Sparkassen Open"]
[Site "Forchheim"]
[Date "2011.10.08"]
[Round "2.28"]
[White "Fuchs, Gerhard"]
[Black "Hummel, Thomas"]
[Result "1-0"]
[WhiteElo "2074"]
[BlackElo "1734"]
[PlyCount "83"]
[EventDate "2011.??.??"]
[WhiteTeam "SK Nürnberg 1911 e.V."]
[BlackTeam "TSV Dietfurt/Altm. e.V."]

1. e4 {[%emt 0:00:00]} Nf6 2. e5 Nd5 3. d4 d6 4. c4 Nb6 5. f4 g6 6. Be3 Bg7 7.
Nf3 Bg4 8. h3 Bf5 9. Nc3 O-O 10. Bd3 Bxd3 11. Qxd3 dxe5 12. fxe5 Nc6 13. O-O-O
Qd7 14. Ne4 Qf5 15. Nh4 Qc8 16. b3 a5 17. a3 Nd7 18. Nf3 b6 19. g4 Qa6 20. Nc3
e6 21. h4 Qb7 22. h5 Ne7 23. Qe4 Qxe4 24. Nxe4 a4 25. b4 Rfb8 26. hxg6 Nxg6 27.
Nfg5 Ndf8 28. Rdf1 Nh8 29. Rh5 Rd8 30. Rfh1 Rd7 31. Nxh7 Nxh7 32. Rxh7 Ng6 33.
Nf6+ Bxf6 34. exf6 Rad8 35. Rg7+ Kf8 36. Rhh7 Rxd4 37. Rxf7+ Ke8 38. Re7+ Nxe7
39. Rxe7+ Kf8 40. Bh6+ Kg8 41. f7+ Kh8 42. Re8+ 1-0

[Event "10. Forchheimer Sparkassen Open"]
[Site "Forchheim"]
[Date "2011.10.08"]
[Round "2.29"]
[White "Willim, Michael"]
[Black "Kesik, Marco"]
[Result "1-0"]
[WhiteElo "2068"]
[BlackElo "1715"]
[PlyCount "97"]
[EventDate "2011.??.??"]

1. c4 {[%emt 0:00:00]} Nf6 2. g3 g6 3. Bg2 Bg7 4. Nf3 O-O 5. O-O d6 6. Nc3 c6
7. d3 Nbd7 8. Rb1 a5 9. a3 e5 10. b4 Qc7 11. b5 Rb8 12. bxc6 bxc6 13. Rxb8 Qxb8
14. Qa4 Qc7 15. Nd2 Bb7 16. Nde4 Nxe4 17. Nxe4 f5 18. Nc3 e4 19. Bd2 Nc5 20.
Qc2 exd3 21. exd3 Re8 22. Rb1 Ne6 23. Be3 Nd4 24. Qb2 Re7 25. Qb6 Nc2 26. Qxc7
Rxc7 27. Ne2 Nxa3 28. Rb6 Nc2 29. Bf4 Be5 30. c5 Bxf4 31. Nxf4 Kf7 32. cxd6 Rd7
33. d4 Nb4 34. Bf1 g5 35. Bc4+ Kf6 36. Ne6 Nd5 37. Bxd5 cxd5 38. Nc5 Bc8 39.
Rb8 Rd8 40. d7 Rxd7 41. Rxc8 Ra7 42. Rc6+ Kf7 43. Rh6 Kg7 44. Ra6 Rxa6 45. Nxa6
a4 46. Nb4 a3 47. Kf1 Kf6 48. Ke2 f4 49. g4 1-0

[Event "10. Forchheimer Sparkassen Open"]
[Site "Forchheim"]
[Date "2011.10.08"]
[Round "2.30"]
[White "Nussbaumer, Johann"]
[Black "Utz, Günther"]
[Result "1-0"]
[WhiteElo "2050"]
[BlackElo "1714"]
[PlyCount "85"]
[EventDate "2011.??.??"]
[BlackTeam "SC Kirchseeon e.V."]

1. d4 {[%emt 0:00:00]} e6 2. c4 Nf6 3. Nc3 Bb4 4. f3 d5 5. a3 Bxc3+ 6. bxc3 O-O
7. Bg5 h6 8. Bh4 c5 9. e3 Qa5 10. Qd2 Nbd7 11. Bd3 b6 12. Ne2 Ba6 13. cxd5 exd5
14. O-O Bxd3 15. Qxd3 Rfe8 16. g4 Qa4 17. Bf2 Nf8 18. Ng3 g6 19. h4 Ne6 20. h5
Kg7 21. hxg6 fxg6 22. Ne2 Qd7 23. Bg3 Qf7 24. Be5 Ng5 25. Kg2 Rh8 26. Nf4 c4
27. Qc2 Rag8 28. Kf2 Kf8 29. Qa4 Rh7 30. Qc6 Ne8 31. Qxd5 Qxd5 32. Nxd5 Rf7 33.
Kg3 h5 34. Nf4 hxg4 35. Kxg4 Nh7 36. Rh1 Nef6+ 37. Kg3 Ng5 38. Bxf6 Rxf6 39.
Kf2 Ke8 40. Rh6 Rgf8 41. Rg1 Ne6 42. Nxe6 Rxf3+ 43. Ke2 1-0

[Event "10. Forchheimer Sparkassen Open"]
[Site "Forchheim"]
[Date "2011.10.08"]
[Round "2.31"]
[White "Bachstein, Dustin"]
[Black "Jahn, Manuel"]
[Result "1-0"]
[WhiteElo "2030"]
[BlackElo "1706"]
[PlyCount "67"]
[EventDate "2011.??.??"]

1. e4 {[%emt 0:00:00]} c5 2. Nf3 Nc6 3. d4 cxd4 4. Nxd4 d5 5. Bb5 dxe4 6. Nxc6
Qxd1+ 7. Kxd1 a6 8. Ba4 Bd7 9. Nc3 Bxc6 10. Bxc6+ bxc6 11. Nxe4 f5 12. Ng5 Nf6
13. Ke2 e5 14. Ne6 Ke7 15. Nxf8 Rhxf8 16. Rd1 Ke6 17. f3 Rab8 18. Rd3 Nd5 19.
a3 e4 20. Rd4 exf3+ 21. Kxf3 Nf6 22. Rb4 Ne4 23. Bf4 Rxb4 24. axb4 g5 25. Be3
g4+ 26. Kf4 Nf6 27. Bc5 Ra8 28. c4 Ne4 29. Bd4 Nd2 30. b5 Nb3 31. Rxa6 Nxd4 32.
Rxa8 cxb5 33. cxb5 Nxb5 34. Ra6+ 1-0

[Event "10. Forchheimer Sparkassen Open"]
[Site "Forchheim"]
[Date "2011.10.08"]
[Round "2.32"]
[White "Babichev, Vyacheslav"]
[Black "Barnickel, Josef"]
[Result "0-1"]
[WhiteElo "1696"]
[BlackElo "2020"]
[PlyCount "75"]
[EventDate "2011.??.??"]
[WhiteTeam "SW Nürnberg Süd e.V."]
[BlackTeam "SF Windheim e.V."]

1. b3 {[%emt 0:00:00]} d5 2. Bb2 c5 3. e3 Nc6 4. Bb5 Qc7 5. Nf3 f6 6. Nc3 e6 7.
O-O Bd6 8. d4 Nge7 9. dxc5 Bxc5 10. Ne2 O-O 11. Ng3 e5 12. a3 Bg4 13. Be2 Rad8
14. h3 Be6 15. b4 Bd6 16. Qe1 Ng6 17. e4 Nf4 18. exd5 Bxd5 19. c4 Be6 20. c5
Be7 21. Kh2 e4 22. Nd2 Nxe2 23. Qxe2 f5 24. Kg1 Rd3 25. Rfd1 Rfd8 26. Ngf1 Qd7
27. Qe1 Bb3 28. Bc1 Bf6 29. Rb1 Bc2 30. Rb2 Bxb2 31. Bxb2 Bxd1 32. Qxd1 Rxd2
33. Qb3+ Qf7 34. Qc3 Rd1 35. g3 R8d3 36. Qc2 Qd5 37. Kg2 e3+ 38. f3 0-1

[Event "10. Forchheimer Sparkassen Open"]
[Site "Forchheim"]
[Date "2011.10.08"]
[Round "2.33"]
[White "Barthelmann, Benno"]
[Black "Schmidt, Tobias"]
[Result "1-0"]
[WhiteElo "2007"]
[BlackElo "1690"]
[PlyCount "69"]
[EventDate "2011.??.??"]

1. c4 {[%emt 0:00:00]} c5 2. Nf3 Nc6 3. g3 e5 4. Nc3 g6 5. a3 Bg7 6. b4 d6 7.
Rb1 Nge7 8. h4 h5 9. Bg2 Rb8 10. Qa4 a6 11. bxc5 dxc5 12. Ne4 Bf5 13. Nh2 O-O
14. O-O Bxe4 15. Bxe4 f5 16. Bg2 Qd6 17. d3 Rfd8 18. Bg5 Bf6 19. Bxf6 Qxf6 20.
Nf3 Qd6 21. Ng5 Rd7 22. Rb6 Nc8 23. Rb2 N8e7 24. Rfb1 Qc7 25. Kf1 Rd6 26. Qb3
Na5 27. Qc3 Nac6 28. Bd5+ Nxd5 29. cxd5 Ne7 30. Qxe5 Nxd5 31. Rxb7 Rxb7 32.
Rxb7 Qxb7 33. Qxd6 Ne7 34. Qe6+ Kh8 35. Qf6+ 1-0

[Event "10. Forchheimer Sparkassen Open"]
[Site "Forchheim"]
[Date "2011.10.08"]
[Round "2.34"]
[White "Reich, Christian"]
[Black "Adelhütte, Dennis"]
[Result "0-1"]
[WhiteElo "1686"]
[BlackElo "1975"]
[PlyCount "114"]
[EventDate "2011.??.??"]
[WhiteTeam "SC Straubing"]
[BlackTeam "SC Erlangen 48/88 e.V."]

1. e4 {[%emt 0:00:00]} e5 2. Nf3 Nc6 3. Nc3 Nf6 4. Bc4 Bc5 5. d3 h6 6. O-O d6
7. h3 O-O 8. Be3 Bxe3 9. fxe3 Na5 10. Bb3 c6 11. d4 Nxb3 12. axb3 Qe7 13. Qd3
a5 14. Rfe1 b5 15. b4 exd4 16. exd4 Qc7 17. e5 dxe5 18. dxe5 Rd8 19. Qe3 Nd5
20. Nxd5 Rxd5 21. b3 Qd8 22. c4 Rd3 23. Qc5 Bxh3 24. bxa5 Rxa5 25. cxb5 Rxa1
26. Rxa1 cxb5 27. Qxb5 Bg4 28. Qb7 Bxf3 29. gxf3 Qd4+ 30. Kg2 Rd2+ 31. Kh3 Qxe5
32. Ra8+ Kh7 33. Qe4+ Qxe4 34. fxe4 Rd3+ 35. Kg4 Rxb3 36. Ra7 f6 37. Ra6 Rb5
38. Rc6 Kg6 39. Kf4 Kf7 40. Ra6 g5+ 41. Kg4 Kg6 42. Ra8 h5+ 43. Kf3 Rb3+ 44.
Kf2 Kf7 45. Ra7+ Ke6 46. Ra6+ Ke5 47. Rc6 g4 48. Rc5+ Kxe4 49. Rxh5 f5 50. Rh8
Kf4 51. Re8 Rb2+ 52. Kf1 Kf3 53. Re1 g3 54. Ra1 f4 55. Ra3+ Kg4 56. Ra1 f3 57.
Rd1 g2+ 0-1

[Event "10. Forchheimer Sparkassen Open"]
[Site "Forchheim"]
[Date "2011.10.08"]
[Round "2.35"]
[White "Gentner, Markus"]
[Black "Link, Fabian"]
[Result "0-1"]
[WhiteElo "1948"]
[BlackElo "1666"]
[PlyCount "134"]
[EventDate "2011.??.??"]

1. Nf3 {[%emt 0:00:00]} d5 2. d4 f5 3. Bf4 Nf6 4. Ne5 Nbd7 5. e3 e6 6. Nd2 Be7
7. Bd3 c5 8. c3 O-O 9. Qe2 a6 10. O-O Nxe5 11. Bxe5 Bd7 12. f3 Qb6 13. Rab1 Bc6
14. f4 Be8 15. Bxf6 Bxf6 16. g4 fxg4 17. dxc5 Qxc5 18. Nb3 Qb6 19. Nd4 h5 20.
Qc2 Bb5 21. Bh7+ Kh8 22. Rf2 e5 23. Nxb5 axb5 24. Qg6 Qxe3 25. Qxh5 Qh3 26.
Qxh3 gxh3 27. Bg6 e4 28. a3 Bh4 29. Rff1 Ra6 30. f5 Rd6 31. Rbd1 e3 32. Rd4
Bf2+ 33. Rxf2 exf2+ 34. Kf1 Kg8 35. Rh4 d4 36. cxd4 b4 37. Bh7+ Kf7 38. Kxf2
Rc8 39. Rxh3 Rc2+ 40. Kg3 Rxb2 41. Kf4 Kf6 42. Ke4 bxa3 43. Rxa3 Rxh2 44. Bg6
Rh4+ 45. Ke3 Rhxd4 46. Ra8 Rd8 47. Ra7 R4d7 48. Kf4 Re7 49. Ra4 Rb8 50. Rd4 Rc7
51. Rd6+ Ke7 52. Re6+ Kd7 53. Ke5 Rc6 54. Bf7 Rxe6+ 55. Bxe6+ Ke7 56. Bb3 b5
57. Kd5 Kf6 58. Bc2 b4 59. Kc4 Ke5 60. Kb3 Kd4 61. Bd1 Kc5 62. Bh5 Ra8 63. Bf7
Ra3+ 64. Kb2 Rf3 65. Be6 Kd4 66. Bd7 Ke5 67. Bc8 Rxf5 0-1

[Event "10. Forchheimer Sparkassen Open"]
[Site "Forchheim"]
[Date "2011.10.08"]
[Round "2.36"]
[White "Keller, Werner"]
[Black "Weigert, Wilhelm"]
[Result "1/2-1/2"]
[WhiteElo "1663"]
[BlackElo "1923"]
[PlyCount "56"]
[EventDate "2011.??.??"]
[WhiteTeam "SW Nürnberg Süd e.V."]
[BlackTeam "SK Kelheim 1920"]

1. Nf3 {[%emt 0:00:00]} g6 2. g3 Bg7 3. Bg2 Nf6 4. O-O O-O 5. d3 c5 6. e4 d6 7.
a4 Nc6 8. c3 Rb8 9. Na3 a6 10. Re1 b5 11. axb5 axb5 12. d4 b4 13. Nc4 bxc3 14.
bxc3 cxd4 15. cxd4 Bg4 16. Ra3 Rb4 17. Qd3 Bxf3 18. Bxf3 d5 19. exd5 Nxd5 20.
Bd2 Rb8 21. Ne5 Nxe5 22. dxe5 Nb4 23. Qxd8 Rfxd8 24. Bxb4 Rxb4 25. Ra8 Rxa8 26.
Bxa8 e6 27. h4 Rb5 28. f4 Bf8 1/2-1/2

[Event "10. Forchheimer Sparkassen Open"]
[Site "Forchheim"]
[Date "2011.10.08"]
[Round "2.37"]
[White "Winkler, Thorsten"]
[Black "Schöne, Steffen"]
[Result "1/2-1/2"]
[WhiteElo "1920"]
[BlackElo "1651"]
[PlyCount "47"]
[EventDate "2011.??.??"]

1. d4 {[%emt 0:00:00]} Nf6 2. c4 g6 3. Nc3 Bg7 4. e4 d6 5. f3 O-O 6. Be3 e5 7.
d5 a5 8. Qd2 Nbd7 9. h4 Nh5 10. Nge2 f5 11. g4 fxg4 12. fxg4 Nhf6 13. Bg5 Nc5
14. Bh3 Qe8 15. Bxf6 Rxf6 16. O-O-O Qf7 17. Qe3 Rf3 18. Qg1 Bh6+ 19. Kb1 Be3
20. Qg2 Rf2 21. Qg3 Rf3 22. Qg2 Rf2 23. Qg3 Rf3 24. Qg2 1/2-1/2

[Event "10. Forchheimer Sparkassen Open"]
[Site "Forchheim"]
[Date "2011.10.08"]
[Round "2.38"]
[White "Osthof, Rudolf"]
[Black "Lais, Thomas"]
[Result "0-1"]
[WhiteElo "1651"]
[BlackElo "1919"]
[PlyCount "72"]
[EventDate "2011.??.??"]
[WhiteTeam "SC Forchheim e.V."]
[BlackTeam "SW Nürnberg Süd e.V."]

1. Nf3 {[%emt 0:00:00]} Nf6 2. d4 g6 3. c4 Bg7 4. Nc3 d5 5. cxd5 Nxd5 6. e4
Nxc3 7. bxc3 c5 8. Bc4 O-O 9. h3 Nc6 10. Be3 cxd4 11. cxd4 Na5 12. Rc1 Nxc4 13.
Rxc4 b6 14. Ra4 Bd7 15. Rb4 Be6 16. d5 Bc3+ 17. Bd2 Bxb4 18. Bxb4 Bd7 19. O-O
f6 20. Nd4 Re8 21. Qb3 Kg7 22. Rd1 Rc8 23. f3 a5 24. Ba3 b5 25. Qb1 b4 26. Bb2
Qb6 27. Kh1 Rc4 28. Qd3 Rcc8 29. Bc1 Rc3 30. Qe2 Rec8 31. Be3 Qc7 32. Kg1 Qc4
33. Qd2 a4 34. Rb1 Rd3 35. Qf2 Qc3 36. Rc1 b3 0-1

[Event "10. Forchheimer Sparkassen Open"]
[Site "Forchheim"]
[Date "2011.10.08"]
[Round "2.39"]
[White "Auburger, Philipp"]
[Black "Walch, Roger"]
[Result "1-0"]
[WhiteElo "1919"]
[BlackElo "1647"]
[PlyCount "109"]
[EventDate "2011.??.??"]

1. e4 {[%emt 0:00:00]} e6 2. d4 d5 3. e5 c5 4. c3 Bd7 5. Nf3 Nc6 6. Be2 cxd4 7.
cxd4 Rc8 8. O-O Qb6 9. a3 a5 10. Nc3 Nge7 11. Na4 Qa7 12. Be3 Nf5 13. Nc3 Be7
14. Qd2 O-O 15. b4 Nxe3 16. Qxe3 f5 17. g3 a4 18. Kg2 Nd8 19. Rac1 Nf7 20. h4
Nh6 21. Ng5 f4 22. Qd3 Nf5 23. Nxh7 Kxh7 24. g4 Qxd4 25. gxf5 f3+ 26. Qxf3 Rxf5
27. Bd3 Rcf8 28. Qe3 Qg4+ 29. Qg3 Qh5 30. f4 g6 31. Bxf5 gxf5 32. Qf3 Rg8+ 33.
Kf2 Bxh4+ 34. Ke2 Rg2+ 35. Kd1 Be8 36. Ne2 Qxf3 37. Rc7+ Kh6 38. Rxf3 Bh5 39.
Rh3 Rxe2 40. Rxh4 Rh2+ 41. Rxh5+ Rxh5 42. Rxb7 Rh3 43. Re7 Rxa3 44. Rxe6+ Kh5
45. Re8 Kg4 46. e6 Kxf4 47. e7 Re3 48. b5 a3 49. Kc2 a2 50. Kb2 Re2+ 51. Ka1 d4
52. b6 d3 53. b7 d2 54. b8=Q+ Re5 55. Qxe5+ 1-0

[Event "10. Forchheimer Sparkassen Open"]
[Site "Forchheim"]
[Date "2011.10.08"]
[Round "2.40"]
[White "Tong, Kevin"]
[Black "Nagy, Laura"]
[Result "0-1"]
[WhiteElo "1646"]
[BlackElo "1909"]
[PlyCount "42"]
[EventDate "2011.??.??"]
[WhiteTeam "SC Erlangen 48/88 e.V."]
[BlackTeam "ASK St. Valentin"]

1. e4 {[%emt 0:00:00]} e5 2. Nf3 Nc6 3. d4 exd4 4. Nxd4 Bc5 5. Be3 Qf6 6. c3
Bb6 7. Be2 Nge7 8. O-O Nxd4 9. cxd4 d6 10. Nc3 O-O 11. Rc1 c6 12. a3 Qe6 13.
Qd2 f5 14. f3 Bd7 15. Kh1 Kh8 16. Bd3 Be8 17. Bb1 Bg6 18. Rcd1 Qd7 19. b4 a5
20. Bc2 axb4 21. axb4 Nc8 {Rest unleserlich} 0-1

[Event "10. Forchheimer Sparkassen Open"]
[Site "Forchheim"]
[Date "2011.10.08"]
[Round "2.41"]
[White "Winkler, Stefan"]
[Black "Hofmann, Paul"]
[Result "1/2-1/2"]
[WhiteElo "1901"]
[BlackElo "1636"]
[PlyCount "80"]
[EventDate "2011.??.??"]

1. e4 {[%emt 0:00:00]} d6 2. d4 Nf6 3. Nc3 c6 4. a4 Qc7 5. f4 e5 6. Nf3 Bg4 7.
Be2 Nbd7 8. O-O Be7 9. h3 Bxf3 10. Bxf3 O-O 11. Be3 a6 12. g4 Rfd8 13. g5 Ne8
14. Bh5 g6 15. Bg4 Ng7 16. f5 f6 17. fxg6 hxg6 18. Qe2 Rf8 19. Qc4+ Kh8 20. Nd5
Qd8 21. Nxe7 Qxe7 22. h4 exd4 23. Qxd4 Rae8 24. Bf4 Ne5 25. Bh3 Ne6 26. Bxe6
Qxe6 27. Qc3 fxg5 28. Bxg5 Qg4+ 29. Kh2 Qe2+ 30. Kg1 Kh7 31. Bf6 Ng4 32. Qh3
Rxe4 33. Bg5 Rf2 34. Rxf2 Qxf2+ 35. Kh1 Re1+ 36. Rxe1 Qxe1+ 37. Kg2 Qf2+ 38.
Kh1 Qe1+ 39. Kg2 Qf2+ 40. Kh1 Qe1+ 1/2-1/2

[Event "10. Forchheimer Sparkassen Open"]
[Site "Forchheim"]
[Date "2011.10.08"]
[Round "2.42"]
[White "Schneider, Peter"]
[Black "Mager, Denis"]
[Result "0-1"]
[WhiteElo "1629"]
[BlackElo "1895"]
[PlyCount "96"]
[EventDate "2011.??.??"]
[WhiteTeam "TSV Kirchehrenbach"]
[BlackTeam "SAbt TuS Makkabi Ffm"]

1. Nf3 {[%emt 0:00:00]} d5 2. d4 c6 3. e3 Nf6 4. Nbd2 Bf5 5. Bd3 Bg6 6. O-O
Nbd7 7. Re1 Ne4 8. Qe2 e6 9. Ne5 Nxe5 10. dxe5 Qc7 11. f4 Bc5 12. a3 b5 13.
Bxe4 Bxe4 14. Nxe4 dxe4 15. b4 Be7 16. Bb2 O-O 17. Red1 a5 18. Bc3 axb4 19.
axb4 Rxa1 20. Rxa1 Rd8 21. Rd1 c5 22. Rxd8+ Qxd8 23. bxc5 Bxc5 24. Kf2 b4 25.
Bd2 Qh4+ 26. Kg1 Qxf4 27. Qe1 h6 28. g3 Qf3 29. h4 Bb6 30. Kh2 Bc7 31. Bxb4
Bxe5 32. c4 Qg4 33. Kg2 g5 34. hxg5 h5 35. Bc3 Bd6 36. c5 Bxc5 37. Be5 Qf3+ 38.
Kh2 Qxe3 39. Qa1 Qe2+ 40. Kh3 Qg4+ 41. Kh2 Kh7 42. Qf1 Qf5 43. Qxf5+ exf5 44.
Kg2 Kg6 45. Bf4 Be7 46. Kf2 Bxg5 47. Ke3 Bxf4+ 48. Kxf4 Kf6 0-1

[Event "10. Forchheimer Sparkassen Open"]
[Site "Forchheim"]
[Date "2011.10.08"]
[Round "2.43"]
[White "Weiland, Günter"]
[Black "Voigt, Maik"]
[Result "1/2-1/2"]
[WhiteElo "1893"]
[BlackElo "1625"]
[PlyCount "74"]
[EventDate "2011.??.??"]

1. Nf3 {[%emt 0:00:00]} Nf6 2. c4 g6 3. b4 Bg7 4. Bb2 O-O 5. g3 d6 6. d3 c6 7.
Nbd2 Na6 8. a3 Nc7 9. Bg2 Rb8 10. O-O e5 11. Qc2 Nd7 12. Ne4 Qe7 13. c5 d5 14.
Nd6 Ne8 15. Nxc8 Rxc8 16. e3 Nc7 17. e4 d4 18. Nd2 Ne8 19. Nc4 b6 20. cxb6 axb6
21. Bh3 f5 22. exf5 gxf5 23. Rae1 Nd6 24. Bxd4 Nxc4 25. Qxc4+ Kh8 26. f4 Qd6
27. Bb2 b5 28. Qb3 Qh6 29. Bg2 Rce8 30. Qc2 Re6 31. Re2 Rfe8 32. Ref2 Nf6 33.
Bf3 e4 34. dxe4 Nxe4 35. Bxe4 Rxe4 36. Bxg7+ Kxg7 37. Rd2 Qe6 1/2-1/2

[Event "10. Forchheimer Sparkassen Open"]
[Site "Forchheim"]
[Date "2011.10.08"]
[Round "2.44"]
[White "Krasotin, Valentin"]
[Black "Sivaji, Siva"]
[Result "0-1"]
[WhiteElo "1623"]
[BlackElo "1890"]
[PlyCount "96"]
[EventDate "2011.??.??"]
[WhiteTeam "SW Nürnberg Süd e.V."]
[BlackTeam "SK Luzern"]

1. e4 {[%emt 0:00:00]} c5 2. Nf3 d6 3. d4 cxd4 4. Nxd4 Nf6 5. Nc3 a6 6. Bg5 e6
7. f4 h6 8. Bh4 Be7 9. Qd2 Qc7 10. O-O-O Nxe4 11. Nxe4 Bxh4 12. Nf5 exf5 13.
Qxd6 Qxd6 14. Nxd6+ Ke7 15. g3 Bf6 16. Bg2 Nc6 17. Rhe1+ Be6 18. Nxb7 Nd4 19.
c3 Rac8 20. Kb1 Nb5 21. a4 Nc7 22. Nd6 Rb8 23. Nxf5+ Kf8 24. Nd4 g6 25. Kc2 Kg7
26. Nc6 Rb6 27. b4 Bd5 28. Bxd5 Nxd5 29. Ne5 Rd8 30. Kb3 Rbd6 31. b5 axb5 32.
axb5 Nc7 33. Rxd6 Rxd6 34. c4 Rd2 35. b6 Ne6 36. Kb4 Rb2+ 37. Ka5 Bd8 38. Nd7
Nc5 39. Re8 Nxd7 40. Rxd8 Nxb6 41. Rd4 Nxc4+ 42. Rxc4 Rxh2 43. Rc3 h5 44. Kb4
Rh3 45. Kc4 h4 46. gxh4 Rxc3+ 47. Kxc3 Kf6 48. Kd4 Kf5 0-1

[Event "10. Forchheimer Sparkassen Open"]
[Site "Forchheim"]
[Date "2011.10.08"]
[Round "2.46"]
[White "Petermann, Jan"]
[Black "Boudkeev, Timour"]
[Result "1/2-1/2"]
[WhiteElo "1597"]
[BlackElo "1874"]
[PlyCount "49"]
[EventDate "2011.??.??"]
[WhiteTeam "SV Puschendorf 1949 e.V."]
[BlackTeam "Schachgesellschaft Zürich"]

1. Nf3 {[%emt 0:00:00]} c6 2. g3 d5 3. Bg2 Nf6 4. O-O e6 5. d4 c5 6. c3 Nc6 7.
Bf4 Be7 8. Nbd2 O-O 9. Qc2 Bd7 10. e4 cxd4 11. Nxd4 Nxd4 12. cxd4 Rc8 13. Qb3
Bc6 14. e5 Nd7 15. Rac1 Nb6 16. Qd3 Qd7 17. Rfd1 Ba4 18. b3 Bb5 19. Qe3 Ba3 20.
Rxc8 Rxc8 21. Nb1 Qe7 22. Nxa3 Qxa3 23. Qd2 a5 24. Rb1 Ba6 25. Bf1 1/2-1/2

[Event "10. Forchheimer Sparkassen Open"]
[Site "Forchheim"]
[Date "2011.10.08"]
[Round "2.47"]
[White "Lober, Wolfgang"]
[Black "Dürr, Florian"]
[Result "0-1"]
[WhiteElo "1597"]
[BlackElo "1869"]
[PlyCount "52"]
[EventDate "2011.??.??"]

1. e4 {[%emt 0:00:00]} e6 2. d4 d5 3. Nd2 Nf6 4. e5 Nfd7 5. Bd3 c5 6. c3 Nc6 7.
Ne2 Be7 8. Nf3 a6 9. Be3 b5 10. Qd2 Bb7 11. a3 Na5 12. Nc1 cxd4 13. Bxd4 O-O
14. b4 Nc4 15. Qc2 h6 16. h4 a5 17. Bxc4 dxc4 18. Rb1 axb4 19. axb4 f6 20. Ne2
fxe5 21. Nxe5 Nxe5 22. Bxe5 Qd5 23. Bd4 e5 24. Be3 Qd3 25. Qc1 Ra2 26. Qd1
Rxe2+ 0-1

[Event "10. Forchheimer Sparkassen Open"]
[Site "Forchheim"]
[Date "2011.10.08"]
[Round "2.48"]
[White "Blank, Stefan"]
[Black "Peiberg, Ehrhard"]
[Result "1-0"]
[WhiteElo "1863"]
[BlackElo "1594"]
[PlyCount "81"]
[EventDate "2011.??.??"]
[WhiteTeam "Schachclub Sulzbach"]
[BlackTeam "SC Erlangen 48/88 e.V."]

1. e4 {[%emt 0:00:00]} e6 2. d3 d5 3. Nd2 b6 4. Ngf3 Bb7 5. Be2 Nd7 6. O-O dxe4
7. dxe4 Ngf6 8. e5 Ng4 9. Nc4 Bd5 10. Bf4 b5 11. Ncd2 Rb8 12. h3 Nh6 13. Nd4
Qh4 14. Be3 Nxe5 15. Nxb5 Bd6 16. Nxd6+ cxd6 17. c4 Bc6 18. b3 Nf5 19. Bxa7 Rb7
20. Be3 Nxe3 21. fxe3 Qg5 22. Nf3 Qxe3+ 23. Kh1 Qc5 24. Nxe5 Qxe5 25. Bf3 Qc5
26. Qd2 O-O 27. Rad1 Bxf3 28. Rxf3 Rd8 29. Qf2 Qxf2 30. Rxf2 Kf8 31. Rfd2 Ke7
32. c5 d5 33. Rd4 Rdb8 34. Rc1 Ra7 35. Rc2 Rba8 36. Rdd2 Kd7 37. b4 Kc6 38. Rb2
Rb8 39. Rd3 Ra4 40. a3 e5 41. g4 {Rest unklar} 1-0

[Event "10. Forchheimer Sparkassen Open"]
[Site "Forchheim"]
[Date "2011.10.08"]
[Round "2.49"]
[White "Askri, Samir"]
[Black "Thürauf, Peter"]
[Result "1/2-1/2"]
[WhiteElo "1594"]
[BlackElo "1863"]
[PlyCount "44"]
[EventDate "2011.??.??"]

1. d4 {[%emt 0:00:00]} d5 2. Nf3 Nf6 3. c4 c6 4. Nc3 e6 5. Bg5 Be7 6. e3 O-O 7.
cxd5 exd5 8. Bd3 Nbd7 9. Qc2 Re8 10. O-O Nf8 11. a3 Bd6 12. b4 a6 13. Rfb1 Bg4
14. Nd2 Bh5 15. h3 h6 16. Bxf6 Qxf6 17. Na4 Re7 18. Nb3 Ne6 19. Nbc5 Ng5 20.
Be2 Bg6 21. Bd3 Bh5 22. Be2 Bg6 1/2-1/2

[Event "10. Forchheimer Sparkassen Open"]
[Site "Forchheim"]
[Date "2011.10.08"]
[Round "2.50"]
[White "Schmitz, Tim"]
[Black "Wissel, Florian"]
[Result "1-0"]
[WhiteElo "1854"]
[BlackElo "1593"]
[PlyCount "93"]
[EventDate "2011.??.??"]
[WhiteTeam "SC Sendling e.V."]
[BlackTeam "Schachfreunde Sailauf"]

1. e4 {[%emt 0:00:00]} d5 2. exd5 Qxd5 3. Nc3 Qa5 4. d4 Nf6 5. Nf3 c6 6. Bc4
Bg4 7. h3 Bh5 8. Bd2 Qc7 9. Qe2 e6 10. O-O-O Bd6 11. Rhe1 O-O 12. g4 Bg6 13.
Nh4 Nbd7 14. Nxg6 hxg6 15. Ne4 Nxe4 16. Qxe4 Nf6 17. Qf3 Nd5 18. h4 Qb6 19. Bg5
Be7 20. Bxd5 Bxg5+ 21. hxg5 cxd5 22. Qh3 f6 23. Rh1 fxg5 24. Qh7+ Kf7 25. Rd3
Rg8 26. Rf3+ Ke7 27. Qxg6 Qxd4 28. Qxg5+ Kd6 29. Rf7 Rae8 30. Rd1 Qc5 31. Rd3
Qa5 32. Rc3 Qb4 33. a3 Qe4 34. Re3 Qh1+ 35. Kd2 Qh2 36. Rc3 Rgf8 37. Rcc7 Rxf7
38. Rxf7 Qh6 39. Qxh6 gxh6 40. Rxb7 Rf8 41. Ke3 e5 42. Rxa7 d4+ 43. Ke2 Rf4 44.
f3 e4 45. fxe4 Rxe4+ 46. Kf2 Ke5 47. Re7+ 1-0

[Event "10. Forchheimer Sparkassen Open"]
[Site "Forchheim"]
[Date "2011.10.08"]
[Round "2.51"]
[White "Gebhardt, Christian"]
[Black "Baumann, Mathias"]
[Result "0-1"]
[WhiteElo "1593"]
[BlackElo "1851"]
[PlyCount "50"]
[EventDate "2011.??.??"]

1. e4 {[%emt 0:00:00]} c6 2. d4 d5 3. exd5 cxd5 4. c4 Nf6 5. Nc3 Nc6 6. Nf3 e6
7. Bd3 Be7 8. O-O O-O 9. a3 dxc4 10. Bxc4 b6 11. Bg5 Bb7 12. Qd3 Rc8 13. Rad1
Qc7 14. Ba2 Na5 15. Ne5 a6 16. a4 Rfd8 17. Bxf6 Bxf6 18. f4 Nc6 19. Ne4 Bxe5
20. fxe5 Nb4 21. Nf6+ gxf6 22. Qg3+ Kh8 23. Rxf6 Rg8 24. Qh4 Rxg2+ 25. Kf1 Nxa2
0-1

[Event "10. Forchheimer Sparkassen Open"]
[Site "Forchheim"]
[Date "2011.10.08"]
[Round "2.52"]
[White "Schäfer, Ann-Kathrin"]
[Black "Killmann, Martin"]
[Result "0-1"]
[WhiteElo "1591"]
[BlackElo "1851"]
[PlyCount "107"]
[EventDate "2011.??.??"]
[WhiteTeam "SC Bechhofen 1923 e.V."]
[BlackTeam "SC Forchheim e.V."]

1. d4 {[%emt 0:00:00]} d5 2. e3 Nf6 3. Bd3 b6 4. Nf3 e6 5. O-O Ba6 6. b3 Bxd3
7. Qxd3 Nbd7 8. Bb2 Bd6 9. Nbd2 O-O 10. e4 dxe4 11. Nxe4 Nxe4 12. Qxe4 Nf6 13.
Qd3 h6 14. Rfe1 Nd5 15. Ne5 Nf4 16. Qf3 Nd5 17. c4 Ne7 18. Rac1 Nf5 19. c5 Bxe5
20. dxe5 Qd2 21. Re2 Qa5 22. cxb6 cxb6 23. Bc3 Qb5 24. Rd2 Rad8 25. Rcd1 Rxd2
26. Rxd2 Rc8 27. h3 Qc5 28. Bb2 Qa5 29. Qb7 Rf8 30. Rd3 Qxa2 31. Rd2 Qa5 32.
Qd7 Ne7 33. Rd1 Nd5 34. Ra1 Qd2 35. Ba3 Qa5 36. Bb2 Qb4 37. Qxa7 Qxb3 38. Ba3
Re8 39. Bd6 Qc3 40. Rb1 Qc6 41. Qa3 Nf4 42. f3 Qc2 43. Rb2 Qd1+ 44. Kh2 Ne2 45.
Qe3 Nc1 46. Qxb6 Nd3 47. Ra2 Rc8 48. Qg1 Qb3 49. Rd2 Nf4 50. Qd4 Rc4 51. Qf2
Rc1 52. Qd4 Nd5 53. Rb2 Qa3 54. Bxa3 0-1